[Event "FRA-ch U12"]
[Site "Le Grand Bornand"]
[Date "2007.04.??"]
[Round "8"]
[White "Pruvot, Louis"]
[Black "Briaud, Vadim"]
[Result "1-0"]
[WhiteElo "1630"]
[BlackElo "1510"]
[PlyCount "59"]
[EventDate "2007.04.07"]
[EventType "swiss"]
[EventRounds "9"]
[EventCountry "FRA"]
[SourceTitle "CBM 118 Extra"]
[Source "ChessBase"]
[SourceDate "2007.07.04"]
[SourceVersion "1"]
[SourceVersionDate "2007.07.04"]
[SourceQuality "1"]

1. e4 c5 2. Nf3 d6 3. d4 cxd4 4. Nxd4 Nf6 5. Nc3 a6 6. Be3 e6 7. f3 b5 8. Qd2 Bb7 9. 0-0-0 Nbd7 10. Kb1 Be7 11. h4 d5 12. exd5 exd5 13. Nf5 Bf8 14. Bg5 h6 15. Bf4 Qb6 16. Re1+ Kd8 17. g4 g6 18. Qh2 d4 19. Ne4 Nxe4 20. fxe4 gxf5 21. exf5 Bxh1 22. Qxh1 Rc8 23. Qe4 Bc5 24. g5 Qc6 25. Qe2 hxg5 26. Bxg5+ f6 27. Bg2 Qc7 28. Bd2 Bd6 29. Bf4 Bxf4 30. Qe7# 1-0

[Event "FRA-chT4 0506"]
[Site "France"]
[Date "2006.??.??"]
[Round "7"]
[White "Briaud, Vadim"]
[Black "Rochette, Philippe"]
[Result "1-0"]
[WhiteElo "1810"]
[BlackElo "1750"]
[PlyCount "49"]
[EventDate "2005.10.02"]
[EventType "team"]
[EventRounds "9"]
[EventCountry "FRA"]
[SourceTitle "EXT 2007"]
[Source "ChessBase"]
[SourceDate "2006.11.23"]
[SourceVersion "1"]
[SourceVersionDate "2006.11.23"]
[SourceQuality "1"]

1. e4 e5 2. f4 exf4 3. Nf3 d6 4. d4 Bg4 5. Bxf4 Be7 6. Bc4 Bh4+ 7. g3 Qe7 8. 0-0 Bf6 9. e5 dxe5 10. Nbd2 Nc6 11. Bb5 exf4 12. Re1 Be6 13. c4 Bxd4+ 14. Nxd4 fxg3 15. Qa4 gxh2+ 16. Kh1 Kf8 17. Nxe6+ fxe6 18. Bxc6 bxc6 19. Qxc6 Re8 20. c5 Nf6 21. Ne4 Kf7 22. Ng5+ Kg6 23. Nxe6 Qd7 24. Qg2+ Kh6 25. Qg5# 1-0